1865 1256 1601 1705 1512 1420 1651 1297 1415 1738 1202 1377 1220 1932 1165 1428 1176 1967 1271 1988 1199 1296 1233 1761 1031 1670 1504 1048 1322 1227 1694 1518 1339 1646 1155 1394 1040 1205 1285 1923 1465 1551 1640 1694 1581 1450 1576 1143 1452 1526 1422 1963 1611 1737 1134 1212 1252 1568 1363 1854 1182 1217 1272 1673 1149 1332 1119 1035 1462 1626 1431 1195 1601 1575 1024 1907 1733 1965 1484 1730 1837 1206 1356 1686 1013 1415 1149 1128 1373 1714 1132 1604 1744 1870 1206 1862 1661 1999 1309 BCNSPRNW ULIB Ver.6.0+V

เปลี่ยนเป็นภาษาไทย

Change to English
 แสดงรายละเอียดบรรณานุกรม
  กลับหน้าหลัก

Brief Record : Get Marc (ISO 2709) : E-mail record : QR code < ปิดหน้าต่าง
LEADER : 00000nas 2200000uu 4500
001    13399126225
003     ULIB
008    180815s||||||||th 000 0 tha d
245 00 ^aวารสารวิทยาลัยพยาบาลบมราชชนนี สุพรรณบุรี/^bวิทยาลัยพยาบาลบรมราชชนนี สุพรรณบุรี
310    ^aราย 6 เดือน
850 ^a ULIB^bปีที่ 1 ฉบับที่ 1 ฉ.1
945    ^p0^l0^i904978
999    ^aประนอม เกษจรัล
รายการนี้ยังไม่มีแท็ก
คุณยังไม่ได้ล็อกอิน คุณสามารถมีกิจกรรมร่วมกับเว็บไซต์ได้ แต่ต้องล็อกอินก่อน ::
  ล็อกอิน

รายการสื่อสารสนเทศ (วารสาร)

ดูแบบ: กล่อง รายการ
ARRIVED
ปีที่ 1 ฉบับที่ 1 ฉ.1
สถานที่: ห้องสมุดวิทยาเขตสวรรค์ประชารักษ์ >วารสาร

BibComment


ยังไม่เคยถูกคอมเมนท์

คอมเมนท์ทรัพยากรรายการนี้
  คอมเมนท์: วารสารวิทยาลัยพย..


 Copyright 2026. Bcnsprnw @Library